Evaluación inicial de riesgos en materia de higiene y seguridad en la empresa sacos del campo S.A AGROSACOS

El presente trabajo está enfocado en proponer un plan de acción de evaluación de riesgos puesto que la empresa no cuenta con un plan establecido de higiene y seguridad. En donde se plantea los distintos tipos de propuestas para el control y reducción de los accidentes laborales de Sacos del Cam...

Full description

Bibliographic Details
Main Authors: Castillo Blanco, Francis Margot, Hernández Lacayo, Elcira Yurielka, Ruíz Ruiz, Carlos Alberto
Other Authors: Tutor: Cáceres Antón, juan Agustín
Format: Tesis Section = Libro
Language:Undetermined
Spanish
Published: Managua UNI 2019
Subjects:
LEADER 01289nam a2200289Ia 4500
008 240830s9999 xx 000 0 und d
040 |a BIBLIOTECA-RUPAP Mon 658.38 C352 
041 |a spa 
082 |a Mon 658.38 C352 
100 1 |a Castillo Blanco, Francis Margot 
100 1 |b  Hernández Lacayo, Elcira Yurielka 
100 1 |c  Ruíz Ruiz, Carlos Alberto 
245 1 0 |a Evaluación inicial de riesgos en materia de higiene y seguridad en la empresa sacos del campo S.A AGROSACOS 
260 |a Managua  |b UNI  |c 2019 
300 |a 264 p. :il. 
500 |a Contiene: anexos y CD. 
502 |a Tesis (Ingeniero Industrial)- UNI, 2019. 
520 3 |a El presente trabajo está enfocado en proponer un plan de acción de evaluación de riesgos puesto que la empresa no cuenta con un plan establecido de higiene y seguridad. En donde se plantea los distintos tipos de propuestas para el control y reducción de los accidentes laborales de Sacos del Campo S.A, Agrosacos. 
650 7 |a SEGURIDAD INDUSTRIAL 
650 7 |b SEGURIDAD OCUPACIONAL 
650 7 |c ACCIDENTES DE TRABAJO-PREVENCION 
650 7 |d ENFERMEDADES PROFESIONALES 
650 7 |e FABRICAS-MEDIDAS DE SEGURIDAD 
700 1 |a Tutor:  |b Cáceres Antón, juan Agustín 
942 |c BK  |2 ddc 
991 |a TESIS 
999 |c 17094